Medical-Surgical Nursing Demystified / (Record no. 15335)
[ view plain ]
| 000 -LEADER | |
|---|---|
| fixed length control field | 00936nam a22002417a 4500 |
| 008 - FIXED-LENGTH DATA ELEMENTS--GENERAL INFORMATION | |
| fixed length control field | 110519t xxu||||| |||| 00| 0 eng d |
| 020 ## - INTERNATIONAL STANDARD BOOK NUMBER | |
| International Standard Book Number | 0071494502 |
| 020 ## - INTERNATIONAL STANDARD BOOK NUMBER | |
| International Standard Book Number | 9780071494502 |
| 082 ## - DEWEY DECIMAL CLASSIFICATION NUMBER | |
| Edition number | 22 |
| Classification number | 617.0231 |
| Item number | DIG |
| 100 ## - MAIN ENTRY--PERSONAL NAME | |
| Personal name | DiGiulio, Mary. |
| 9 (RLIN) | 23948 |
| 245 ## - TITLE STATEMENT | |
| Title | Medical-Surgical Nursing Demystified / |
| Statement of responsibility, etc | Mary Digiulio, Donna Jackson, Jim Keogh. |
| 260 ## - PUBLICATION, DISTRIBUTION, ETC. (IMPRINT) | |
| Place of publication, distribution, etc | New York : |
| Name of publisher, distributor, etc | McGraw-Hill, 2007 |
| Date of publication, distribution, etc | 2007 |
| 300 ## - PHYSICAL DESCRIPTION | |
| Extent | xviii, 604 p. : |
| Other physical details | ill. ; |
| Dimensions | 24 cm. |
| 440 ## - | |
| -- | 23949 |
| 490 ## - Series Statement | |
| -- | 23944 |
| Series statement | Demystified series |
| 500 ## - GENERAL NOTE | |
| General note | "A Self-teaching Guide"--Cover. |
| 500 ## - GENERAL NOTE | |
| General note | Includes index. |
| 541 ## - IMMEDIATE SOURCE OF ACQUISITION NOTE | |
| Source of acquisition | Dr. Shahrazad ; |
| 650 ## - SUBJECT ADDED ENTRY--TOPICAL TERM | |
| 9 (RLIN) | 20387 |
| Topical term or geographic name as entry element | Surgical nursing. |
| 653 ## - INDEX TERM--UNCONTROLLED | |
| Uncontrolled term | Nursing |
| Resource For college | |
| Arrived date list | May2011 |
| 942 ## - ADDED ENTRY ELEMENTS (KOHA) | |
| Source of classification or shelving scheme | Dewey Decimal Classification |
| Item type | |
| Withdrawn status | Item status | Source of classification or shelving scheme | Damaged status | Not for loan | Vendor | Home library | Current library | Shelving location | Date acquired | Source of acquisition | Total Checkouts | Total Renewals | Full call number | Barcode | Date last seen | Date last borrowed | Koha item type |
|---|---|---|---|---|---|---|---|---|---|---|---|---|---|---|---|---|---|
| Dewey Decimal Classification | Donation-Gift | Central Library | Central Library | First floor | 19/05/2011 | Donation | 16 | 97 | 617.0231 DIG | 000023204 | 15/07/2025 | 15/12/2015 | Book - Borrowing |